Sāḍe gawāṇḍhī. (Record no. 66487)

MARC details
000 -LEADER
fixed length control field 00558cam a22002291 4500
001 - CONTROL NUMBER
control field sa 65009873
003 - CONTROL NUMBER IDENTIFIER
control field DLC
005 - DATE AND TIME OF LATEST TRANSACTION
control field 20260227112205.0
008 - FIXED-LENGTH DATA ELEMENTS--GENERAL INFORMATION
fixed length control field 890615s1965 ii ac 000 0 pano
010 ## - LIBRARY OF CONGRESS CONTROL NUMBER
LC control number sa 65009873
035 ## - SYSTEM CONTROL NUMBER
System control number (OCoLC)19873106
040 ## - CATALOGING SOURCE
Original cataloging agency DLC
Transcribing agency WaU
Modifying agency DLC
042 ## - AUTHENTICATION CODE
Authentication code premarc
043 ## - GEOGRAPHIC AREA CODE
Geographic area code a------
050 00 - LIBRARY OF CONGRESS CALL NUMBER
Classification number DS33.1
Item number .A55
100 1# - MAIN ENTRY--PERSONAL NAME
Personal name Amola, Aisa. Aisa.,
Dates associated with a name 1908-
245 10 - TITLE STATEMENT
Title Sāḍe gawāṇḍhī.
260 ## - PUBLICATION, DISTRIBUTION, ETC.
Date of publication, distribution, etc. [1965?]
300 ## - PHYSICAL DESCRIPTION
Extent 88 p.
Other physical details illus., ports.
Dimensions 22 cm.
500 ## - GENERAL NOTE
General note In Panjabi.
651 #0 - SUBJECT ADDED ENTRY--GEOGRAPHIC NAME
Geographic name Asia
General subdivision History.

No items available.

Powered by Koha